000 00992cam a22002774a 4500
001 13938162
005 20180227065926.0
008 050421s2005 nyu b 001 0 eng
010 _a 2005011596
020 _a9780195181524 (hbk. : alk. paper)
020 _a0195181522 (hbk. : alk. paper)
020 _a9780195181531 (pbk : alk. paper)
020 _a0195181530 (pbk. : alk. paper)
040 _aDLC
_cDLC
_dDLC
041 _aeng
042 _apcc
080 _a616.852600835 WAL
082 0 0 _a616.852600835 WAL
_222
100 1 _a48
101 _aPSI
245 1 0 _aIf your adolescent has an eating disorder :
_cB. Timothy Walsh and V. L. Cameron.
504 _aIncludes bibliographical references (p. 175-176) and index.
906 _a7
_bcbc
_corignew
_d1
_eecip
_f20
_gy-gencatlg
942 _2ddc
_cBK
999 _c43592
_d43592